00543nam a2200157 a 45000010005000000030005000050050017000100080041000270400026000681000025000942450084001192600058002039420008002619990015002699520101002841890CDMR20130116135216.0130130s1988||||||||||||||||||||||||||||d aCDMRbcatcCPC GIRONA1 aMolero, Eugeni9140713aLa Principal de la BisbalbCobla de la Generalitat de CatalunyacMolero, Eugeni c1988bDiputació de Girona i Ajuntament de la Bisbal cMON c1890d1890 00104070aGIRONAbGIRONAd2010-12-03l0oVg 868pGIRONA1311612784r2013-01-16w2013-01-16yMON